The new media : (Record no. 46366)
[ view plain ]
| 000 -LEADER | |
|---|---|
| fixed length control field | 00996nam a2200277 a 4500 |
| 001 - CONTROL NUMBER | |
| control field | 46366 |
| 003 - CONTROL NUMBER IDENTIFIER | |
| rucl marc code | BD-RjUL |
| 005 - DATE AND TIME OF LATEST TRANSACTION | |
| control field | 20211209054137.0 |
| 008 - FIXED-LENGTH DATA ELEMENTS--GENERAL INFORMATION | |
| fixed length control field | 160801s1967 fr a 001 0 eng |
| 035 ## - SYSTEM CONTROL NUMBER | |
| System control number | (BD-RjUL)46484 |
| 040 ## - CATALOGING SOURCE | |
| Original cataloging agency | DLC |
| Transcribing agency | DLC |
| Modifying agency | NLM |
| Language of cataloging | eng |
| 041 ## - LANGUAGE CODE | |
| Language code of text/sound track or separate title | eng |
| 051 ## - LIBRARY OF CONGRESS COPY, ISSUE, OFFPRINT STATEMENT | |
| Classification number | LB1044.7 |
| Item number | .I52 |
| Copy information | Copy 3. |
| 060 00 - NATIONAL LIBRARY OF MEDICINE CALL NUMBER | |
| Classification number | LB 1043 |
| Item number | I61n 1967 |
| 082 ## - DEWEY DECIMAL CLASSIFICATION NUMBER | |
| Classification number | 371.335 |
| Author mark and year | NEW 1967 |
| 245 04 - TITLE STATEMENT | |
| Title | The new media : |
| Remainder of title | memo to educational planners / |
| Statement of responsibility, etc. | Wilbur Schramm ... [et al.] ; with a foreword by RenΓ© Maheu. |
| 260 ## - PUBLICATION, DISTRIBUTION, ETC. (IMPRINT) | |
| Place of publication, distribution, etc. | Paris : |
| Name of publisher, distributor, etc. | Unesco ; |
| -- | International Institute for Educational Planning, |
| Date of publication, distribution, etc. | 1967 |
| 300 ## - PHYSICAL DESCRIPTION | |
| Pagination | 175 p. : |
| Illustrations | ill. ; |
| Size | 24 cm. |
| 650 #0 - SUBJECT ADDED ENTRY--TOPICAL TERM | |
| Topical term or geographic name as entry element | Television in education. |
| 9 (RLIN) | 141583 |
| Topical term or geographic name as entry element | Newly independent states |
| General subdivision | Education. |
| 9 (RLIN) | 141584 |
| 700 1# - ADDED ENTRY--PERSONAL NAME | |
| Personal name | Schramm, Wilbur, |
| Dates associated with a name | 1907-1987 |
| 710 2# - ADDED ENTRY--CORPORATE NAME | |
| Corporate name or jurisdiction name as entry element | International Institute for Educational Planning. |
| 9 (RLIN) | 133329 |
| 830 #0 - SERIES ADDED ENTRY--UNIFORM TITLE | |
| Uniform title | [Document] (Unesco) ; |
| Volume number/sequential designation | IIEP.66/III.4/A |
| 942 ## - ADDED ENTRY ELEMENTS (KOHA) | |
| Source of classification or shelving scheme | Dewey Decimal Classification |
| Koha item type | Books |
| Lost status | Source of classification or shelving scheme | Damaged status | Not for loan | Collection code | Permanent Location | Current Location | Shelving location | Date acquired | Source of acquisition | Total Checkouts | Full call number | Date last seen | Copy number | Koha item type |
|---|---|---|---|---|---|---|---|---|---|---|---|---|---|---|
| Dewey Decimal Classification | Non-fiction | Central Library, University of Rajshahi | Central Library, University of Rajshahi | 31/08/1982 | Unesco | 371.335 NEW 1967 | 01/08/2016 | C-2 | Books |